[Event "MP do 18 lat - chlopcy"]
[Site "Sypniewo"]
[Date "2022.03.24"]
[Round "6.9"]
[White "Czechowski, Jakub"]
[Black "Ochedzan, Tymon"]
[Result "0-1"]
[BlackElo "2308"]
[WhiteElo "2036"]
[LiveChessVersion "1.4.8"]

1. d4 {[%clk 1:30:58]} Nf6 {[%clk 1:30:54]} 2. c4 {[%clk 1:31:23]} e6
{[%clk 1:31:16]} 3. Nc3 {[%clk 1:31:42]} Bb4 {[%clk 1:31:33]} 4. f3
{[%clk 1:32:08]} c5 {[%clk 1:29:47]} 5. a3 {[%clk 1:31:06]} Bxc3+
{[%clk 1:17:09]} 6. bxc3 {[%clk 1:31:29]} O-O {[%clk 1:17:15]} 7. e4
{[%clk 1:23:50]} d6 {[%clk 1:12:36]} 8. d5 {[%clk 1:22:01]} exd5 {[%clk 1:07:23]}
9. cxd5 {[%clk 1:22:25]} Re8 {[%clk 1:06:51]} 10. Bb5 {[%clk 1:14:23]} Nbd7
{[%clk 1:02:45]} 11. Ne2 {[%clk 1:14:11]} Qa5 {[%clk 0:59:17]} 12. Bxd7
{[%clk 1:08:51]} Bxd7 {[%clk 0:56:57]} 13. O-O {[%clk 1:08:56]} Bb5
{[%clk 0:54:45]} 14. Re1 {[%clk 0:54:03]} Bxe2 {[%clk 0:49:06]} 15. Rxe2
{[%clk 0:54:13]} Qxc3 {[%clk 0:48:42]} 16. Bb2 {[%clk 0:54:37]} Qa5
{[%clk 0:44:32]} 17. Bxf6 {[%clk 0:46:29]} gxf6 {[%clk 0:44:50]} 18. Qb3
{[%clk 0:46:49]} b5 {[%clk 0:39:26]} 19. Qb2 {[%clk 0:42:08]} Kg7
{[%clk 0:35:09]} 20. Re3 {[%clk 0:40:15]} Qa4 {[%clk 0:33:02]} 21. Rd3
{[%clk 0:34:06]} Qc4 {[%clk 0:27:30]} 22. Rad1 {[%clk 0:34:10]} Qa4
{[%clk 0:18:38]} 23. Re1 {[%clk 0:27:26]} Rac8 {[%clk 0:16:31]} 24. Qe2
{[%clk 0:18:59]} c4 {[%clk 0:15:28]} 25. Re3 {[%clk 0:18:17]} c3 {[%clk 0:14:32]}
26. Qf2 {[%clk 0:16:57]} Kh8 {[%clk 0:11:24]} 27. Rd3 {[%clk 0:13:23]} Qc4
{[%clk 0:10:57]} 28. Qc2 {[%clk 0:12:15]} a5 {[%clk 0:10:33]} 29. Red1
{[%clk 0:09:22]} b4 {[%clk 0:09:27]} 30. axb4 {[%clk 0:09:03]} axb4
{[%clk 0:09:52]} 31. Qc1 {[%clk 0:09:21]} c2 {[%clk 0:09:24]} 0-1

[Event "MP do 18 lat - chlopcy"]
[Site "Sypniewo"]
[Date "2022.03.24"]
[Round "6.10"]
[White "Kaliszuk, Kamil"]
[Black "Turski, Bartlomiej"]
[Result "1-0"]
[BlackElo "2220"]
[WhiteElo "1963"]
[LiveChessVersion "1.4.8"]

1. e4 {[%clk 1:30:57]} c5 {[%clk 1:30:55]} 2. Nf3 {[%clk 1:31:16]} Nc6
{[%clk 1:31:20]} 3. Bb5 {[%clk 1:31:36]} g6 {[%clk 1:31:40]} 4. Bxc6
{[%clk 1:31:50]} dxc6 {[%clk 1:32:03]} 5. d3 {[%clk 1:32:02]} Bg7
{[%clk 1:31:59]} 6. h3 {[%clk 1:31:38]} e5 {[%clk 1:31:12]} 7. a4
{[%clk 1:22:46]} Be6 {[%clk 1:18:37]} 8. O-O {[%clk 1:12:09]} f6 {[%clk 1:15:43]}
9. Be3 {[%clk 1:05:37]} b6 {[%clk 1:10:55]} 10. a5 {[%clk 1:02:24]} Ne7
{[%clk 1:09:50]} 11. b4 {[%clk 0:51:43]} cxb4 {[%clk 0:56:54]} 12. axb6
{[%clk 0:51:31]} a5 {[%clk 0:51:42]} 13. Bc5 {[%clk 0:41:17]} O-O
{[%clk 0:45:56]} 14. c3 {[%clk 0:37:35]} Qd7 {[%clk 0:42:43]} 15. cxb4
{[%clk 0:33:34]} axb4 {[%clk 0:41:55]} 16. Rxa8 {[%clk 0:31:16]} Rxa8
{[%clk 0:42:23]} 17. Bxb4 {[%clk 0:31:23]} Nc8 {[%clk 0:39:36]} 18. Bc5
{[%clk 0:29:16]} Rb8 {[%clk 0:37:40]} 19. d4 {[%clk 0:24:29]} Nxb6 20. dxe5
{[%clk 0:23:20]} Qxd1 {[%clk 0:28:49]} 21. Rxd1 {[%clk 0:22:45]} fxe5
{[%clk 0:29:12]} 22. Nc3 {[%clk 0:16:45]} Nd7 {[%clk 0:17:46]} 23. Be3
{[%clk 0:15:33]} Nf8 {[%clk 0:17:29]} 24. Rd6 {[%clk 0:14:48]} Rc8
{[%clk 0:16:52]} 25. Na4 {[%clk 0:14:26]} h6 {[%clk 0:15:51]} 26. Nc5
{[%clk 0:13:59]} Kf7 {[%clk 0:15:42]} 27. Rd1 {[%clk 0:13:44]} Ke7
{[%clk 0:14:13]} 28. Ra1 {[%clk 0:13:23]} Rc7 {[%clk 0:13:47]} 29. Ra5
{[%clk 0:13:28]} g5 {[%clk 0:09:57]} 30. Nd3 {[%clk 0:12:05]} Bc4
{[%clk 0:06:59]} 31. Ndxe5 {[%clk 0:11:24]} Bb5 {[%clk 0:05:13]} 32. h4
{[%clk 0:07:17]} Ne6 {[%clk 0:03:52]} 33. hxg5 {[%clk 0:06:50]} hxg5
{[%clk 0:04:17]} 34. Ng4 {[%clk 0:07:01]} Bc3 {[%clk 0:01:08]} 35. Ra3
{[%clk 0:07:02]} Bf6 {[%clk 0:01:07]} 36. e5 {[%clk 0:07:09]} Bg7
{[%clk 0:01:35]} 37. Nxg5 {[%clk 0:07:07]} Nxg5 {[%clk 0:01:03]} 38. Bxg5+
{[%clk 0:07:31]} Ke6 {[%clk 0:01:31]} 39. Be3 {[%clk 0:03:55]} Bxe5
{[%clk 0:01:19]} 40. Bb6 {[%clk 0:33:15]} Rd7 {[%clk 0:31:36]} 41. Nxe5
{[%clk 0:33:03]} Kxe5 {[%clk 0:31:36]} 42. Re3+ {[%clk 0:30:45]} Kf5
{[%clk 0:30:44]} 43. Rf3+ {[%clk 0:28:56]} Ke6 {[%clk 0:28:22]} 44. g4
{[%clk 0:22:21]} Rb7 {[%clk 0:18:44]} 45. Bd4 {[%clk 0:19:57]} Kd5
{[%clk 0:17:32]} 46. Be3 {[%clk 0:16:28]} Be2 {[%clk 0:11:09]} 47. Rf5+
{[%clk 0:12:45]} Ke6 {[%clk 0:10:51]} 48. Rf4 {[%clk 0:10:17]} Rg7
{[%clk 0:08:51]} 49. Re4+ {[%clk 0:08:26]} Kd5 {[%clk 0:07:38]} 50. Rd4+
{[%clk 0:08:36]} Ke6 {[%clk 0:07:16]} 51. g5 {[%clk 0:08:43]} c5 {[%clk 0:07:01]}
52. Rd8 {[%clk 0:07:08]} c4 {[%clk 0:04:49]} 53. Kg2 {[%clk 0:06:18]} Rc7
{[%clk 0:03:48]} 54. Bf4 {[%clk 0:05:40]} Rd7 {[%clk 0:02:56]} 55. Re8+
{[%clk 0:05:05]} Re7 {[%clk 0:02:11]} 56. Rc8 {[%clk 0:05:05]} Kf5
{[%clk 0:01:40]} 57. Kg3 {[%clk 0:05:15]} Bd3 {[%clk 0:01:22]} 58. Rc5+
{[%clk 0:05:13]} Kg6 {[%clk 0:01:15]} 59. Rc6+ {[%clk 0:05:38]} Kh7
{[%clk 0:00:50]} 60. Bd2 {[%clk 0:04:39]} Rd7 {[%clk 0:00:36]} 61. Bc3
{[%clk 0:04:07]} Rd5 {[%clk 0:00:33]} 62. Bf6 {[%clk 0:03:39]} Rf5
{[%clk 0:00:32]} 63. Rc8 {[%clk 0:03:23]} Rd5 {[%clk 0:00:33]} 64. Kh4
{[%clk 0:03:15]} Rf5 {[%clk 0:00:35]} 65. Rc7+ {[%clk 0:03:05]} Kg8
{[%clk 0:00:53]} 66. Kg3 {[%clk 0:03:08]} Be2 {[%clk 0:00:34]} 67. f4
{[%clk 0:02:51]} Bd3 {[%clk 0:00:41]} 68. Kg4 {[%clk 0:02:30]} Rd5
{[%clk 0:00:38]} 69. Be5 {[%clk 0:02:38]} Rb5 {[%clk 0:00:32]} 70. g6
{[%clk 0:02:06]} Bxg6 {[%clk 0:00:39]} 71. Rg7+ {[%clk 0:02:30]} Kf8
{[%clk 0:01:03]} 72. Rxg6 {[%clk 0:02:59]} Kf7 {[%clk 0:01:14]} 73. Rc6
{[%clk 0:03:24]} 1-0

[Event "MP do 18 lat - chlopcy"]
[Site "Sypniewo"]
[Date "2022.03.24"]
[Round "6.11"]
[White "Zabron, Maksym"]
[Black "Kozlowski, Michal"]
[Result "1/2-1/2"]
[BlackElo "2078"]
[WhiteElo "1934"]
[LiveChessVersion "1.4.8"]

1. d4 {[%clk 1:29:44]} Nf6 {[%clk 1:30:56]} 2. c4 {[%clk 1:30:05]} e6
{[%clk 1:31:22]} 3. Nf3 {[%clk 1:30:22]} b6 {[%clk 1:31:41]} 4. g3
{[%clk 1:30:47]} Bb7 {[%clk 1:30:06]} 5. Bg2 {[%clk 1:31:05]} Bb4+
{[%clk 1:29:39]} 6. Bd2 {[%clk 1:31:31]} Be7 {[%clk 1:30:05]} 7. O-O
{[%clk 1:31:34]} O-O {[%clk 1:29:55]} 8. Nc3 {[%clk 1:28:17]} Ne4
{[%clk 1:27:04]} 9. d5 {[%clk 1:25:04]} exd5 {[%clk 1:26:09]} 10. cxd5
{[%clk 1:24:50]} Nxd2 {[%clk 1:25:44]} 11. Qxd2 {[%clk 1:21:33]} d6
{[%clk 1:21:14]} 12. Rac1 {[%clk 1:20:34]} a5 {[%clk 1:00:38]} 13. b3
{[%clk 1:10:42]} Nd7 {[%clk 0:56:55]} 14. a3 {[%clk 1:09:35]} c5 {[%clk 0:45:07]}
15. dxc6 {[%clk 1:09:17]} Bxc6 {[%clk 0:45:32]} 16. Nd5 {[%clk 1:07:21]} Bxd5
{[%clk 0:45:57]} 17. Qxd5 {[%clk 1:07:47]} Nf6 {[%clk 0:46:23]} 18. Qb5
{[%clk 1:06:36]} d5 {[%clk 0:45:31]} 19. b4 {[%clk 0:58:57]} axb4
{[%clk 0:45:03]} 20. axb4 {[%clk 0:59:21]} Qd6 {[%clk 0:43:47]} 21. Rc6
{[%clk 0:59:13]} Qxb4 {[%clk 0:44:12]} 22. Rxb6 {[%clk 0:59:49]} Qxb5
{[%clk 0:43:55]} 23. Rxb5 {[%clk 0:59:49]} Rfb8 {[%clk 0:42:23]} 24. Rxb8+
{[%clk 0:57:05]} Rxb8 {[%clk 0:42:52]} 25. Rd1 {[%clk 0:55:04]} Kf8
{[%clk 0:38:18]} 26. Nd4 {[%clk 0:38:22]} Bc5 {[%clk 0:33:44]} 27. Bf3
{[%clk 0:27:36]} Rb6 {[%clk 0:21:16]} 28. e3 {[%clk 0:24:44]} Bxd4
{[%clk 0:16:41]} 29. Rxd4 {[%clk 0:25:01]} Rb5 {[%clk 0:17:08]} 30. e4
{[%clk 0:24:48]} dxe4 {[%clk 0:17:23]} 1/2-1/2

[Event "MP do 18 lat - chlopcy"]
[Site "Sypniewo"]
[Date "2022.03.24"]
[Round "6.12"]
[White "Gorkiewicz, Mateusz"]
[Black "Kasprzak, Lukasz"]
[Result "1-0"]
[BlackElo "1884"]
[WhiteElo "2073"]
[LiveChessVersion "1.4.8"]

1. e4 c5 {[%clk 1:30:44]} 2. Nf3 {[%clk 1:30:43]} d6 {[%clk 1:30:42]} 3. d4
{[%clk 1:31:03]} cxd4 {[%clk 1:31:10]} 4. Nxd4 {[%clk 1:31:24]} Nf6
{[%clk 1:31:31]} 5. Nc3 {[%clk 1:31:46]} a6 {[%clk 1:31:52]} 6. a4
{[%clk 1:31:55]} e5 {[%clk 1:30:41]} 7. Nf3 {[%clk 1:32:14]} Be7 {[%clk 1:29:17]}
8. Bg5 {[%clk 1:32:29]} Be6 {[%clk 1:28:46]} 9. Bxf6 {[%clk 1:32:38]} Bxf6
{[%clk 1:27:35]} 10. Nd5 {[%clk 1:32:48]} Bxd5 {[%clk 1:22:58]} 11. Qxd5
{[%clk 1:33:09]} Qc7 {[%clk 1:18:46]} 12. Bc4 {[%clk 1:33:11]} O-O
{[%clk 1:18:45]} 13. O-O {[%clk 1:33:18]} Nd7 {[%clk 1:15:49]} 14. Bb3
{[%clk 1:33:20]} Be7 {[%clk 1:13:24]} 15. c3 {[%clk 1:27:02]} Nf6
{[%clk 1:10:20]} 16. Qd3 {[%clk 1:27:07]} Qc6 {[%clk 1:03:31]} 17. Rfe1
{[%clk 1:26:49]} g6 {[%clk 0:55:48]} 18. Nd2 {[%clk 1:16:13]} b6 {[%clk 0:42:44]}
19. Nc4 {[%clk 1:07:25]} Nd7 {[%clk 0:32:40]} 20. Ne3 {[%clk 1:05:42]} Nc5
{[%clk 0:31:16]} 21. Qd5 {[%clk 0:53:25]} Qxd5 {[%clk 0:23:40]} 22. Bxd5
{[%clk 0:53:36]} Rab8 {[%clk 0:22:12]} 23. Red1 {[%clk 0:51:00]} Rfc8
{[%clk 0:20:15]} 24. f3 {[%clk 0:46:48]} Kf8 {[%clk 0:18:54]} 25. Kf2
{[%clk 0:43:57]} Ne6 {[%clk 0:14:47]} 26. Nc2 {[%clk 0:38:19]} b5
{[%clk 0:10:56]} 27. a5 {[%clk 0:36:16]} Nc5 {[%clk 0:08:48]} 28. Nb4
{[%clk 0:35:06]} Rc7 {[%clk 0:08:49]} 29. g3 {[%clk 0:31:14]} Rbc8
{[%clk 0:08:47]} 30. Ke2 {[%clk 0:30:31]} Ra7 {[%clk 0:07:08]} 31. Rd2
{[%clk 0:22:15]} Bg5 {[%clk 0:06:53]} 32. Rc2 {[%clk 0:22:12]} Bd8
{[%clk 0:04:39]} 33. c4 {[%clk 0:16:23]} Nb3 {[%clk 0:02:55]} 34. cxb5
{[%clk 0:08:56]} Nd4+ {[%clk 0:02:25]} 35. Kd2 {[%clk 0:08:28]} Rxc2+
{[%clk 0:00:56]} 36. Nxc2 {[%clk 0:08:48]} axb5 {[%clk 0:00:57]} 37. b4
{[%clk 0:04:58]} Nxf3+ {[%clk 0:01:25]} 38. Kd3 {[%clk 0:04:34]} Nd4
{[%clk 0:00:35]} 39. Nxd4 {[%clk 0:03:33]} exd4 {[%clk 0:01:03]} 40. a6
{[%clk 0:31:28]} Bb6 {[%clk 0:30:36]} 41. Bb7 {[%clk 0:31:25]} Ke7
{[%clk 0:29:13]} 42. Rc1 {[%clk 0:30:50]} h5 {[%clk 0:27:37]} 43. Rc6
{[%clk 0:30:28]} Bd8 {[%clk 0:27:04]} 44. Kxd4 {[%clk 0:30:40]} Kd7
{[%clk 0:27:08]} 45. Kd5 {[%clk 0:30:00]} 1-0

[Event "MP do 18 lat - chlopcy"]
[Site "Sypniewo"]
[Date "2022.03.24"]
[Round "6.13"]
[White "Bachor, Tomasz"]
[Black "Kitewski, Bartosz"]
[Result "1/2-1/2"]
[BlackElo "1870"]
[WhiteElo "2041"]
[LiveChessVersion "1.4.8"]

1. Nf3 {[%clk 1:30:50]} Nf6 {[%clk 1:30:25]} 2. b3 {[%clk 1:31:14]} d5
{[%clk 1:29:47]} 3. Bb2 {[%clk 1:31:26]} e6 {[%clk 1:29:47]} 4. e3
{[%clk 1:30:53]} Bd6 {[%clk 1:30:07]} 5. d4 {[%clk 1:30:14]} O-O {[%clk 1:30:19]}
6. c4 {[%clk 1:27:39]} c6 {[%clk 1:30:04]} 7. Bd3 {[%clk 1:27:15]} Nbd7
{[%clk 1:30:04]} 8. Nbd2 {[%clk 1:21:39]} Qe7 {[%clk 1:28:04]} 9. Ne5
{[%clk 1:17:08]} Rd8 {[%clk 1:22:44]} 10. O-O {[%clk 1:05:04]} c5
{[%clk 1:05:20]} 11. Nxd7 {[%clk 0:55:14]} Bxd7 {[%clk 1:02:59]} 12. dxc5
{[%clk 0:54:41]} Bxc5 {[%clk 1:02:52]} 13. cxd5 {[%clk 0:42:29]} Nxd5
{[%clk 0:55:09]} 14. Rc1 {[%clk 0:32:10]} Rac8 {[%clk 0:49:41]} 15. Qe2
{[%clk 0:25:55]} Ba3 {[%clk 0:47:14]} 16. Bxa3 {[%clk 0:25:17]} Qxa3
{[%clk 0:47:38]} 17. Nc4 {[%clk 0:25:45]} Qc5 {[%clk 0:45:52]} 18. Qb2
{[%clk 0:23:33]} Qe7 {[%clk 0:42:33]} 19. Rfd1 {[%clk 0:22:03]} Bc6
{[%clk 0:41:29]} 20. Na5 {[%clk 0:18:54]} Nb4 {[%clk 0:39:54]} 21. Nxc6
{[%clk 0:18:42]} Rxc6 {[%clk 0:37:36]} 22. Be4 {[%clk 0:16:35]} Rxc1
{[%clk 0:36:06]} 23. Rxc1 {[%clk 0:16:50]} b6 {[%clk 0:30:09]} 24. a3
{[%clk 0:13:30]} Nd3 {[%clk 0:26:29]} 25. Bxd3 {[%clk 0:13:56]} Rxd3
{[%clk 0:26:55]} 26. g3 {[%clk 0:13:53]} g6 {[%clk 0:26:47]} 27. Rc8+
{[%clk 0:10:39]} Rd8 {[%clk 0:25:57]} 28. Rxd8+ {[%clk 0:10:19]} Qxd8
{[%clk 0:26:22]} 29. b4 {[%clk 0:09:48]} Qd1+ {[%clk 0:26:37]} 30. Kg2
{[%clk 0:10:15]} Qd5+ {[%clk 0:27:01]} 31. Kg1 {[%clk 0:10:39]} Qd1+
{[%clk 0:27:27]} 1/2-1/2

[Event "MP do 18 lat - chlopcy"]
[Site "Sypniewo"]
[Date "2022.03.24"]
[Round "6.14"]
[White "Jedrusik, Adam"]
[Black "Koziorowicz, Michal"]
[Result "1/2-1/2"]
[BlackElo "2291"]
[WhiteElo "1937"]
[LiveChessVersion "1.4.8"]

1. d4 {[%clk 1:30:59]} Nf6 {[%clk 1:28:54]} 2. Bg5 {[%clk 1:31:24]} d5
{[%clk 1:27:50]} 3. Bxf6 {[%clk 1:29:25]} gxf6 {[%clk 1:26:55]} 4. c4
{[%clk 1:29:53]} dxc4 {[%clk 1:26:41]} 5. e3 {[%clk 1:30:21]} c5 {[%clk 1:26:48]}
6. Bxc4 {[%clk 1:30:44]} cxd4 {[%clk 1:27:05]} 7. exd4 {[%clk 1:31:12]} Bg7
{[%clk 1:25:57]} 8. Nc3 {[%clk 1:31:40]} O-O {[%clk 1:25:12]} 9. Nge2
{[%clk 1:32:08]} Nc6 {[%clk 1:20:52]} 10. O-O {[%clk 1:31:56]} Bf5
{[%clk 1:19:25]} 11. Qd2 {[%clk 1:24:09]} Rc8 {[%clk 1:14:16]} 12. b3
{[%clk 1:15:05]} Qa5 {[%clk 1:09:40]} 13. Qe3 {[%clk 1:09:05]} Rfd8
{[%clk 1:02:13]} 14. Rfd1 {[%clk 1:05:20]} a6 {[%clk 0:57:45]} 15. a4
{[%clk 1:00:37]} Bg6 {[%clk 0:51:47]} 16. Rac1 {[%clk 0:53:24]} Kf8
{[%clk 0:43:21]} 17. Nf4 {[%clk 0:41:29]} e5 {[%clk 0:29:02]} 18. dxe5
{[%clk 0:35:10]} Qxe5 {[%clk 0:28:04]} 19. Ncd5 {[%clk 0:33:01]} Qxe3
{[%clk 0:28:08]} 20. Nxe3 {[%clk 0:32:25]} Bh6 {[%clk 0:24:57]} 21. Nfd5
{[%clk 0:30:40]} Ne5 {[%clk 0:22:36]} 22. f4 {[%clk 0:27:51]} Nxc4
{[%clk 0:19:05]} 23. bxc4 {[%clk 0:27:38]} Be4 {[%clk 0:18:28]} 24. g3
{[%clk 0:27:25]} f5 {[%clk 0:17:48]} 25. Nb6 {[%clk 0:26:21]} Bg7
{[%clk 0:13:27]} 26. Nxc8 {[%clk 0:24:24]} Rxc8 {[%clk 0:13:53]} 27. Rd6
{[%clk 0:22:46]} b5 {[%clk 0:13:19]} 28. axb5 {[%clk 0:18:40]} axb5
{[%clk 0:13:39]} 29. Rcd1 {[%clk 0:18:57]} bxc4 {[%clk 0:13:11]} 30. Nxc4
{[%clk 0:14:32]} Rxc4 {[%clk 0:11:36]} 31. Rd8+ {[%clk 0:14:50]} Ke7
{[%clk 0:12:04]} 32. R1d7+ {[%clk 0:15:16]} Ke6 {[%clk 0:11:54]} 33. Rd6+
{[%clk 0:15:29]} Ke7 {[%clk 0:12:20]} 34. R6d7+ {[%clk 0:15:54]} 1/2-1/2

[Event "MP do 18 lat - chlopcy"]
[Site "Sypniewo"]
[Date "2022.03.24"]
[Round "6.15"]
[White "Malik, Maciej"]
[Black "Kacprzak, Karol"]
[Result "0-1"]
[BlackElo "2275"]
[WhiteElo "1912"]
[LiveChessVersion "1.4.8"]

1. e4 {[%clk 1:30:41]} c5 {[%clk 1:30:06]} 2. d4 {[%clk 1:31:05]} cxd4
{[%clk 1:30:31]} 3. c3 {[%clk 1:31:28]} dxc3 {[%clk 1:30:55]} 4. Nxc3
{[%clk 1:31:53]} e6 {[%clk 1:30:36]} 5. Nf3 {[%clk 1:29:43]} Nc6 {[%clk 1:30:50]}
6. Bc4 {[%clk 1:28:32]} a6 {[%clk 1:31:06]} 7. O-O {[%clk 1:24:48]} Nge7
{[%clk 1:31:17]} 8. Bg5 {[%clk 1:24:04]} h6 {[%clk 1:31:12]} 9. Be3
{[%clk 1:24:22]} Ng6 {[%clk 1:28:50]} 10. Bb3 {[%clk 1:23:38]} b5
{[%clk 1:15:51]} 11. Nd5 {[%clk 0:57:41]} exd5 {[%clk 1:12:38]} 12. exd5
{[%clk 0:58:06]} Bd6 {[%clk 0:58:06]} 13. dxc6 {[%clk 0:57:24]} dxc6
{[%clk 0:58:34]} 14. Bb6 {[%clk 0:52:20]} Qxb6 {[%clk 0:33:56]} 15. Qxd6
{[%clk 0:52:39]} Ra7 {[%clk 0:34:24]} 16. Rfe1+ {[%clk 0:51:45]} Ne7
{[%clk 0:34:21]} 17. Ne5 {[%clk 0:50:26]} O-O {[%clk 0:31:22]} 18. Rad1
{[%clk 0:47:56]} Nf5 {[%clk 0:29:39]} 19. Qd3 {[%clk 0:30:11]} c5
{[%clk 0:26:31]} 20. Bc2 {[%clk 0:21:39]} g6 {[%clk 0:24:06]} 21. Qd2
{[%clk 0:20:07]} Nd4 {[%clk 0:17:53]} 22. Bb1 {[%clk 0:20:09]} Kg7
{[%clk 0:17:32]} 23. b4 {[%clk 0:20:11]} Rd8 {[%clk 0:17:16]} 24. Qb2
{[%clk 0:16:43]} Re7 {[%clk 0:16:33]} 25. bxc5 {[%clk 0:11:58]} Qxc5
{[%clk 0:16:42]} 26. Nf3 {[%clk 0:11:45]} Rxe1+ {[%clk 0:16:49]} 27. Rxe1
{[%clk 0:12:04]} Kh7 {[%clk 0:15:02]} 28. Nxd4 {[%clk 0:10:42]} Qxd4
{[%clk 0:15:10]} 29. Qb3 {[%clk 0:09:31]} Be6 {[%clk 0:15:08]} 30. Qg3
{[%clk 0:07:45]} Qf6 {[%clk 0:12:30]} 31. h4 {[%clk 0:07:31]} h5 {[%clk 0:12:18]}
32. a3 {[%clk 0:06:30]} Rd4 {[%clk 0:12:19]} 33. Be4 {[%clk 0:06:21]} Rd2
{[%clk 0:11:08]} 34. Bf3 {[%clk 0:05:18]} Rd3 {[%clk 0:10:22]} 35. Re5
{[%clk 0:03:45]} Bg4 {[%clk 0:08:33]} 36. Re3 {[%clk 0:03:33]} Rxe3
{[%clk 0:08:39]} 37. fxe3 {[%clk 0:04:00]} Bxf3 {[%clk 0:08:50]} 38. gxf3
{[%clk 0:04:25]} Qa1+ {[%clk 0:09:03]} 39. Kg2 {[%clk 0:04:46]} Qxa3
{[%clk 0:09:07]} 40. f4 {[%clk 0:34:34]} Qa2+ {[%clk 0:38:38]} 41. Kg1
{[%clk 0:34:05]} b4 {[%clk 0:38:30]} 42. e4 {[%clk 0:33:37]} Qb1+
{[%clk 0:38:50]} 0-1

[Event "MP do 18 lat - chlopcy"]
[Site "Sypniewo"]
[Date "2022.03.24"]
[Round "6.16"]
[White "Sidorczuk, Pawel"]
[Black "Gradalski, Olaf"]
[Result "1/2-1/2"]
[BlackElo "2051"]
[WhiteElo "1917"]
[LiveChessVersion "1.4.8"]

1. e4 {[%clk 1:30:59]} c5 {[%clk 1:30:35]} 2. Nf3 {[%clk 1:31:16]} d6
{[%clk 1:30:59]} 3. Bb5+ {[%clk 1:31:24]} Nd7 {[%clk 1:30:49]} 4. d4
{[%clk 1:31:49]} cxd4 {[%clk 1:30:43]} 5. Qxd4 {[%clk 1:32:13]} a6
{[%clk 1:31:03]} 6. Be2 {[%clk 1:32:40]} Ngf6 {[%clk 1:31:26]} 7. O-O
{[%clk 1:32:19]} e5 {[%clk 1:26:38]} 8. Qe3 {[%clk 1:32:25]} b5 {[%clk 1:20:35]}
9. c4 {[%clk 1:21:23]} b4 {[%clk 1:00:53]} 10. a3 {[%clk 1:13:10]} bxa3
{[%clk 0:58:06]} 11. Nxa3 {[%clk 0:56:01]} Be7 {[%clk 0:54:14]} 12. b4
{[%clk 0:53:19]} O-O {[%clk 0:50:31]} 13. Bd2 {[%clk 0:50:40]} Bb7
{[%clk 0:49:59]} 14. Bd3 {[%clk 0:50:25]} a5 {[%clk 0:31:17]} 15. Nb5
{[%clk 0:37:36]} Bc6 {[%clk 0:23:31]} 16. bxa5 {[%clk 0:35:31]} Nc5
{[%clk 0:23:54]} 17. Bb4 {[%clk 0:27:33]} Nxd3 {[%clk 0:23:24]} 18. Qxd3
{[%clk 0:27:51]} Bxe4 {[%clk 0:17:53]} 19. Qa3 {[%clk 0:23:59]} Bxf3
{[%clk 0:17:12]} 20. Qxf3 {[%clk 0:23:21]} d5 {[%clk 0:16:12]} 21. Bxe7
{[%clk 0:21:17]} Qxe7 {[%clk 0:16:40]} 22. cxd5 {[%clk 0:21:41]} Qb4
{[%clk 0:12:29]} 23. Rab1 {[%clk 0:18:55]} Qxa5 {[%clk 0:12:28]} 24. d6
{[%clk 0:18:17]} Rab8 {[%clk 0:12:15]} 25. Qe2 {[%clk 0:13:32]} e4
{[%clk 0:11:50]} 26. Rfd1 {[%clk 0:13:57]} Rfd8 {[%clk 0:12:05]} 27. h3
{[%clk 0:09:10]} h6 {[%clk 0:12:28]} 28. Kh2 {[%clk 0:09:31]} Rb7
{[%clk 0:06:16]} 29. Qc4 {[%clk 0:05:14]} Rdb8 {[%clk 0:04:50]} 30. Nc3
{[%clk 0:04:26]} Qe5+ {[%clk 0:04:47]} 31. g3 {[%clk 0:03:42]} Rxb1
{[%clk 0:04:39]} 32. Nxb1 {[%clk 0:04:11]} Rd8 {[%clk 0:03:27]} 33. Qb4
{[%clk 0:01:50]} e3 {[%clk 0:02:40]} 34. Qb6 {[%clk 0:00:58]} Rxd6 1/2-1/2

[Event "MP do 18 lat - chlopcy"]
[Site "Sypniewo"]
[Date "2022.03.24"]
[Round "6.17"]
[White "Skurniak, Szymon"]
[Black "Bartlomowicz, Jakub"]
[Result "0-1"]
[BlackElo "1774"]
[WhiteElo "2032"]
[LiveChessVersion "1.4.8"]

1. e4 {[%clk 1:30:59]} c5 {[%clk 1:30:18]} 2. Nf3 {[%clk 1:30:37]} Nc6
{[%clk 1:30:12]} 3. d4 {[%clk 1:31:03]} cxd4 {[%clk 1:30:27]} 4. Nxd4
{[%clk 1:31:33]} Nf6 {[%clk 1:28:16]} 5. Nc3 {[%clk 1:29:23]} e5 {[%clk 1:27:30]}
6. Ndb5 {[%clk 1:29:49]} d6 {[%clk 1:27:53]} 7. a4 {[%clk 1:30:06]} a6
{[%clk 1:24:47]} 8. Na3 {[%clk 1:30:32]} h6 {[%clk 1:20:14]} 9. Bc4
{[%clk 1:19:19]} Be7 {[%clk 1:15:34]} 10. O-O {[%clk 1:18:43]} O-O
{[%clk 1:15:11]} 11. Be3 {[%clk 1:04:18]} Be6 {[%clk 1:01:50]} 12. f3 Nb4
{[%clk 0:59:24]} 13. Nd5 {[%clk 0:51:28]} Bxd5 {[%clk 0:57:11]} 14. exd5
{[%clk 0:43:23]} Qa5 {[%clk 0:57:26]} 15. Qd2 {[%clk 0:42:54]} b5
{[%clk 0:51:43]} 16. axb5 {[%clk 0:33:33]} axb5 {[%clk 0:52:04]} 17. Nxb5
{[%clk 0:28:50]} Qxa1 {[%clk 0:52:22]} 18. Rxa1 {[%clk 0:29:14]} Rxa1+
{[%clk 0:52:48]} 19. Kf2 {[%clk 0:28:41]} Na6 {[%clk 0:52:24]} 20. b4
{[%clk 0:18:22]} Rc8 {[%clk 0:49:20]} 21. Bb3 {[%clk 0:17:51]} Rb8
{[%clk 0:49:38]} 22. c4 {[%clk 0:16:50]} Rh1 {[%clk 0:44:58]} 23. Bc2
{[%clk 0:09:11]} Nh5 {[%clk 0:43:44]} 24. Qd3 {[%clk 0:08:16]} Bh4+
{[%clk 0:42:41]} 25. Ke2 {[%clk 0:08:34]} Rxh2 {[%clk 0:42:14]} 26. Nc7
{[%clk 0:02:40]} Ng3+ {[%clk 0:42:16]} 27. Kd1 {[%clk 0:02:59]} e4
{[%clk 0:41:19]} 28. fxe4 {[%clk 0:02:14]} Nxc7 {[%clk 0:41:44]} 29. e5
{[%clk 0:02:38]} Rh1+ {[%clk 0:40:35]} 30. Kd2 {[%clk 0:03:03]} g6
{[%clk 0:38:37]} 31. exd6 {[%clk 0:03:22]} Na6 {[%clk 0:36:42]} 32. b5
{[%clk 0:01:40]} Nb4 {[%clk 0:36:41]} 33. Qc3 {[%clk 0:01:00]} Ne4+
{[%clk 0:36:21]} 34. Bxe4 {[%clk 0:00:56]} Be1+ {[%clk 0:36:49]} 0-1